Pasívne alebo aktívne investovanie v súčasnom období
Pojem investičná stratégia. Pasívne formy investovania. Buy and hold ako riziko investičnej stratégie verzus odmena. Buy and hold stratégia a blue chips spoločnosti. Využitie stratégie buy and hold pri indexovaní. Typy aktívnych investičných stratégií.
Salvato in:
| Autore principale: | |
|---|---|
| Altri autori: | |
| Natura: | Capitolo di libro |
| Lingua: | slovacco |
| Soggetti: | |
| Tags: |
Nessun Tag, puoi essere il primo ad aggiungerne!!
|
MARC
| LEADER | 00000naa a2200000 4500 | ||
|---|---|---|---|
| 001 | 0147734 | ||
| 005 | 20240521110429.3 | ||
| 041 | 0 | |a slo | |
| 044 | |a SK | ||
| 245 | 1 | 0 | |a Pasívne alebo aktívne investovanie v súčasnom období |c Božena Chovancová, Marián Adamík |
| 520 | |a Pojem investičná stratégia. Pasívne formy investovania. Buy and hold ako riziko investičnej stratégie verzus odmena. Buy and hold stratégia a blue chips spoločnosti. Využitie stratégie buy and hold pri indexovaní. Typy aktívnych investičných stratégií. | ||
| 610 | 2 | 0 | |a stratégia investičná |
| 610 | 2 | 0 | |a trh kapitálový |
| 610 | 2 | 0 | |a riziko finančné |
| 610 | 2 | 0 | |a riziko podnikateľské |
| 610 | 2 | 0 | |a papiere cenné |
| 610 | 2 | 0 | |a opcie |
| 610 | 2 | 0 | |a indexy cenové |
| 100 | 1 | |a Chovancová, Božena | |
| 700 | 1 | |a Adamík, Marián | |